000 00764nam a2200229Ii 4500
003 JO-AjNU
008 230605s9999||||xx |||||||||||||| ||und||
017 _a2000/11/2980
020 _a9957-11-165-5
040 _aJO-AjNU
_bara
_erda
_cJO-AjNU
041 _aara
050 1 4 _aHF5437.A4422.2010
100 3 _aالعلي،عبدالستار محمد,
_eauthor
_929010
245 0 0 _aالادارة الحديثة للمخازن والمشتريات:ادارة سلسلة التوريد
250 _aط3
264 3 1 _aعمان:دار وائل للنشر والتوزيع؛2010
300 _a382ص
336 _atext
_btxt
_2rdacontent
337 _aunmediated
_bn
_2rdamedia
338 _avolume
_bnc
_2rdacarrier
650 4 _aادارة المواد
_929011
999 _aA11324
_c14892
_d14892